[Event "Challenge"]
[Site "http://www.queenalice.com/game.php?id=609516"]
[Date "2009.6.27"]
[Round "-"]
[White "Kirim"]
[Black "Leninbicudo"]
[Result "0-1"]
[WhiteElo "1545"]
[BlackElo "1890"]

1. e4 c6 2. d4 d5 3. Nc3 dxe4 4. Nxe4 Nd7 5. Nf3 Ngf6 6. Bd3 Nxe4 7. Bxe4 Nf6 8.
Qd3 e6 9. Bg5 Qa5+ 10. Bd2 Qc7 11. O-O-O Nxe4 12. Qxe4 Be7 13. Bf4 Qa5 14. Kb1
O-O 15. h4 h6 16. c3 Rd8 17. g4 Qb5 18. Ka1 a5 19. g5 h5 20. g6 f6 21. Rc1 Qd5
22. Qd3 e5 23. Bxe5 Be6 24. c4 Qd7 25. Bf4 Bf5 26. Qb3 a4 27. Qc3 Bxg6 28. Rcd1
Be4 29. a3 Qf5 30. Qe3 Bxf3 31. Qxf3 Bd6 32. Qg2 Bxf4 33. Rhg1 Bh6 34. c5 Qf4
35. Qg3 Rxd4 36. Qxf4 Rxf4 37. Rh1 Rxf2 38. Rhf1 Rxf1 39. Rxf1 Ra5 40. Rf5 Be3
41. Ka2 Rxc5 0-1

[Event "Never give up!"]
[Site "http://www.queenalice.com/game.php?id=619778"]
[Date "2009.7.16"]
[Round "-"]
[White "noopy"]
[Black "Leninbicudo"]
[Result "0-1"]
[WhiteElo "1451"]
[BlackElo "1867"]

1. Nf3 Nf6 2. b3 d6 3. Bb2 e5 4. d3 g6 5. e3 Bg7 6. Nc3 O-O 7. Qd2 Bg4 8. Be2
Nbd7 9. e4 Re8 10. h3 Be6 11. Ng5 c6 12. Bg4 Bxg4 13. hxg4 Nf8 14. f3 h6 15. Nh3
g5 16. Nxg5 hxg5 17. Qxg5 N8h7 18. Qf5 Qd7 19. O-O-O Rad8 20. g5 Qxf5 21. exf5
Nxg5 22. Ne4 Ngxe4 23. fxe4 Kf8 24. Rdg1 d5 25. g4 dxe4 26. g5 exd3 27. gxf6
Bxf6 28. Rg2 Ke7 29. Rd2 Bg5 30. Ba3+ Kf6 31. Rh5 Bf4 32. Kd1 dxc2+ 33. Kxc2
Rxd2+ 34. Kc3 Rxa2 35. Bc5 Bg5 36. Kd3 e4+ 37. Kd4 e3 38. Bb4 e2 39. Kd3 Rd2+
40. Kc4 e1=Q 41. Bc3+ Kxf5 42. Rxg5+ Kxg5 43. Bxd2+ Qxd2 44. b4 Re3 45. Kc5 Qd5#
0-1

[Event "Challenge"]
[Site "http://www.queenalice.com/game.php?id=622974"]
[Date "2009.7.22"]
[Round "-"]
[White "Tasjunior"]
[Black "Leninbicudo"]
[Result "0-1"]
[WhiteElo "1839"]
[BlackElo "1867"]

1. e4 c6 2. Nf3 d5 3. e5 Bf5 4. d4 e6 5. Nc3 c5 6. Be3 c4 7. b3 Bb4 8. Bd2 Qa5
9. Ne2 c3 10. Bg5 h6 11. Bh4 Qa3 12. Ng3 g5 13. Nxf5 exf5 14. Bxg5 hxg5 15. Nxg5
Be7 16. Nf3 f6 17. exf6 Nxf6 18. Bb5+ Kd8 19. O-O Qb4 20. Ne5 Qxb5 21. Nf7+ Kc7
22. Nxh8 Qe8 23. Re1 Nc6 24. Qf3 Qxh8 25. Qxf5 Rd8 26. Re3 Bd6 27. h3 Nxd4 28.
Rxc3+ Kb8 29. Qd3 Ne4 30. Rd1 Nxc3 31. Rd2 Bc5 32. Kh1 Ne4 0-1

[Event "Ah! sou Brasileiro..."]
[Site "http://www.queenalice.com/game.php?id=624872"]
[Date "2009.7.26"]
[Round "-"]
[White "Leninbicudo"]
[Black "noopy"]
[Result "1-0"]
[WhiteElo "1890"]
[BlackElo "1495"]

1. f4 Nc6 2. Nf3 d5 3. e3 e6 4. Bb5 Bd7 5. O-O b6 6. b3 Na5 7. Bxd7+ Qxd7 8. Bb2
Bc5 9. Bxg7 Nf6 10. Bxh8 Qe7 11. d4 Bd6 12. Bxf6 Qxf6 13. Nc3 O-O-O 14. Nb5 Kb7
15. a3 a6 16. Nxd6+ cxd6 17. b4 Nc4 18. Nd2 Rc8 19. c3 Nxe3 20. Qb3 Nxf1 21.
Rxf1 Qh6 22. b5 a5 23. c4 f5 24. cxd5 e5 25. dxe5 dxe5 26. g3 e4 27. Nc4 Rd8 28.
d6 Qe6 29. Nxa5+ Ka7 30. Qxe6 bxa5 31. d7 e3 32. Qc6 e2 33. Qc7+ Ka8 34. Qxd8+
Kb7 35. Qc8+ Kb6 36. Qc6+ Ka7 37. Qc7+ Ka8 38. d8=R# 1-0

[Event "Neverending Story"]
[Site "http://www.queenalice.com/game.php?id=639427"]
[Date "2009.8.20"]
[Round "-"]
[White "noopy"]
[Black "Leninbicudo"]
[Result "0-1"]
[WhiteElo "1537"]
[BlackElo "1893"]

1. a3 d5 2. e4 dxe4 3. Nc3 Nf6 4. g3 Bg4 5. f3 exf3 6. Nxf3 Bxf3 7. Qxf3 c6 8.
d3 e6 9. b3 Qa5 10. Bd2 Bxa3 11. Na4 Qe5+ 12. Be2 Qxa1+ 13. Kf2 Qd4+ 14. Be3 Qd5
15. Qxd5 Nxd5 16. Bd4 O-O 17. h4 b5 18. Nc3 Nxc3 19. Bxc3 Bc5+ 20. d4 Bb6 21.
Rf1 Nd7 22. Rd1 Nf6 23. Bf3 Nd5 24. Bd2 Bxd4+ 25. Kg2 Rac8 26. Re1 Bc3 27. Bxc3
Nxc3 28. Ra1 Rc7 29. Ra6 Nd5 30. c4 bxc4 31. bxc4 Ne3+ 32. Kh3 Nxc4 33. Rxc6
Rxc6 34. Bxc6 a5 35. g4 Nb2 36. Be4 a4 37. h5 a3 38. Bb1 Na4 39. Kh4 Nc3 40. Bd3
a2 41. g5 a1=Q 42. g6 fxg6 43. hxg6 Qg1 44. Kh5 Rf2 45. gxh7+ Kh8 46. Bg6 Rh2#
0-1

[Event "Challenge"]
[Site "http://www.queenalice.com/game.php?id=639587"]
[Date "2009.8.20"]
[Round "-"]
[White "Leninbicudo"]
[Black "Tasjunior"]
[Result "1-0"]
[WhiteElo "1944"]
[BlackElo "1747"]

1. e4 e5 2. Nf3 Nc6 3. Bb5 Nge7 4. d3 a6 5. Ba4 d5 6. Nxe5 dxe4 7. Nxc6 Nxc6 8.
Bxc6+ bxc6 9. Qe2 Be7 10. dxe4 a5 11. O-O O-O 12. Rd1 Ba6 13. Qe1 Qc8 14. Bd2
Qb7 15. Bc3 Rad8 16. Nd2 Bb4 17. Bxb4 Qxb4 18. Nb3 Qb5 19. Qxa5 Rxd1+ 20. Rxd1
Qe2 21. Re1 Qc4 22. Qc5 Qa4 23. Qd4 Qb5 24. a4 Qb6 25. a5 Qb8 26. Nc5 Qc8 27.
Nxa6 Qxa6 28. b4 h6 29. Qd7 Qb7 30. c3 Qb5 31. Qxc7 Qc4 32. Re3 Re8 33. f3 f5
34. h3 f4 35. Qxf4 c5 36. Qc7 Qa6 37. Qxc5 Rd8 38. Qb6 Rd1+ 39. Kh2 Qf1 40. Qb8+
Kh7 41. Qf4 g5 42. Qf7+ Kh8 43. Qf8+ Kh7 44. Qe7+ Kh8 45. Kg3 h5 46. Qxg5 Rd2
47. Qxh5+ Kg8 48. Qg5+ Kh8 49. Kf4 Rxg2 50. Qd8+ Kh7 51. Rd3 Qc1+ 52. Kf5 Rg7
53. Qh4+ Kg8 54. Rd8+ Kf7 55. Qf6# 1-0

[Event "Challenge"]
[Site "http://www.queenalice.com/game.php?id=657752"]
[Date "2009.9.25"]
[Round "-"]
[White "Leninbicudo"]
[Black "noopy"]
[Result "1-0"]
[WhiteElo "1953"]
[BlackElo "1537"]

1. f4 d5 2. Nf3 Nc6 3. e3 f5 4. Bb5 Bd7 5. b3 a6 6. Be2 g6 7. Bb2 Nf6 8. O-O e6
9. Nc3 Bg7 10. Ba3 Ne4 11. Nxe4 Bxa1 12. Qxa1 e5 13. Nxe5 fxe4 14. Nxc6 Bxc6 15.
Qxh8+ Kd7 16. Bg4# 1-0

[Event "Challenge"]
[Site "http://www.queenalice.com/game.php?id=657759"]
[Date "2009.9.25"]
[Round "-"]
[White "Tasjunior"]
[Black "Leninbicudo"]
[Result "0-1"]
[WhiteElo "1692"]
[BlackElo "1953"]

1. d4 g6 2. c4 Bg7 3. Nf3 Nf6 4. Bg5 Ne4 5. e3 Nxg5 6. Nxg5 e5 7. Nf3 exd4 8.
exd4 Qe7+ 9. Be2 c5 10. O-O Nc6 11. Nc3 cxd4 12. Nd5 Qd6 13. Qb3 O-O 14. Rfe1
Qc5 15. Bd3 d6 16. h3 b6 17. Rad1 Ne5 18. Be4 Nxf3+ 19. Bxf3 Kh8 20. Ne7 Rb8 21.
Nc6 Rb7 22. Nxd4 Bxd4 23. Bxb7 Bxf2+ 24. Kh1 Bxe1 25. Rxe1 Bxb7 26. Qc3+ Kg8 27.
Re7 Qc6 28. Qd2 Re8 29. Qe3 Qxg2# 0-1

[Event "Nunca corra pro lado errado"]
[Site "http://www.queenalice.com/game.php?id=661097"]
[Date "2009.10.1"]
[Round "-"]
[White "Leninbicudo"]
[Black "noopy"]
[Result "1-0"]
[WhiteElo "1958"]
[BlackElo "1591"]

1. b3 d6 2. Bb2 c5 3. e3 f5 4. Be2 Nf6 5. Bh5+ g6 6. Bf3 Nc6 7. Bxc6+ bxc6 8.
Bxf6 exf6 9. Nf3 f4 10. O-O g5 11. Qe2 Bf5 12. exf4+ Be7 13. fxg5 fxg5 14. Nxg5
O-O 15. Ne6 Bxe6 16. Qxe6+ Rf7 17. Nc3 Bg5 18. Ne4 Be7 19. Rfe1 d5 20. Ng3 Bf6
21. Rab1 Qc8 22. Qxc8+ Rxc8 23. d3 Bd4 24. Re2 Rcf8 25. Nh1 h5 26. c4 h4 27. Rf1
Rg7 28. Re6 h3 29. g3 Rgf7 30. Rxc6 dxc4 31. dxc4 a5 32. Rh6 Rh7 33. Rxh7 Kxh7
34. Re1 Kh6 35. Kf1 Kg5 36. Re4 Rh8 37. f3 Bc3 38. Re3 Bd4 39. f4+ Kf5 40. Re7
Kg4 41. Nf2+ Kf3 42. Nd3 Rb8 43. Ne5+ Bxe5 44. Rxe5 a4 45. f5 axb3 46. axb3 Rxb3
47. f6 Rb1+ 48. Re1 Rxe1+ 49. Kxe1 Kg2 50. f7 Kxh2 51. Kf2 Kh1 52. f8=Q h2 53.
Ke2 Kg2 54. Qf3+ Kh3 55. Kf2 h1=Q 56. Qh5# 1-0

[Event "Challenge"]
[Site "http://www.queenalice.com/game.php?id=665991"]
[Date "2009.10.11"]
[Round "-"]
[White "waldi"]
[Black "Leninbicudo"]
[Result "1-0"]
[WhiteElo "1858"]
[BlackElo "1931"]

1. d4 g6 2. e4 Bg7 3. c4 d6 4. f4 Nf6 5. Nc3 O-O 6. Nf3 c5 7. d5 Qa5 8. Bd2 Qb6
9. Na4 Qc7 10. Bd3 e6 11. O-O 1-0

[Event "Challenge"]
[Site "http://www.queenalice.com/game.php?id=667045"]
[Date "2009.10.14"]
[Round "-"]
[White "Leninbicudo"]
[Black "KLEOJ"]
[Result "0-1"]
[WhiteElo "1939"]
[BlackElo "2140"]

1. e4 Nc6 2. Nf3 d5 3. exd5 Qxd5 4. Be2 Bg4 5. O-O O-O-O 6. Nc3 Qf5 7. Re1 Nf6
8. h3 Bh5 9. Nh4 Bxe2 10. Rxe2 Qh5 11. Nf3 e5 12. Qe1 Bd6 13. d3 Rhe8 14. Be3 e4
15. dxe4 Nxe4 16. Nb5 Qxb5 17. b3 Bb4 18. c4 Qa5 19. Qf1 Re6 20. Rc1 Qh5 21.
Rcc2 f5 22. a3 Bxa3 23. Qa1 Bc5 24. Bxc5 Nxc5 25. Qc3 Ne4 26. Qe1 Rg6 27. Kh2
Ng5 28. Nxg5 Qxg5 29. g3 Nd4 30. Rc3 Rh6 31. Ree3 Qg4 32. h4 g5 33. f3 Qh5 0-1

[Event "Challenge"]
[Site "http://www.queenalice.com/game.php?id=672613"]
[Date "2009.10.26"]
[Round "-"]
[White "Leninbicudo"]
[Black "Tasjunior"]
[Result "0-1"]
[WhiteElo "1962"]
[BlackElo "1779"]

1. e4 e5 2. Nf3 Nf6 3. Nxe5 Qe7 4. Nf3 Nxe4 5. Be2 Qf6 6. O-O d5 7. Re1 Bc5 8.
d4 Bb6 9. Bc4 c6 10. Nc3 Bf5 11. Bg5 Qg6 12. Bd3 h6 13. Nxe4 dxe4 14. g4 O-O 15.
gxf5 Qxf5 16. Bxe4 Qg4+ 17. Kh1 hxg5 18. Rg1 Qxe4 19. h3 f6 20. c3 Nd7 21. Rg4
Qd5 22. Kg2 Rae8 23. Qd3 Ne5 24. Qf5 Nxg4 25. Qxd5+ cxd5 26. hxg4 Re7 27. Ng1
Rfe8 28. Kf1 Re4 29. f3 R4e6 30. Rd1 Bc7 31. Kf2 g6 32. Rd2 Bf4 33. Rc2 f5 34.
Ne2 Kg7 35. gxf5 gxf5 36. Nxf4 gxf4 0-1

[Event "Porque seu Rei não Morre?!!!"]
[Site "http://www.queenalice.com/game.php?id=678052"]
[Date "2009.11.5"]
[Round "-"]
[White "noopy"]
[Black "Leninbicudo"]
[Result "0-1"]
[WhiteElo "1506"]
[BlackElo "1960"]

1. c4 Nf6 2. Nc3 c6 3. e4 d5 4. e5 Ne4 5. Qf3 Nxc3 6. Qxc3 d4 7. Qg3 c5 8. d3
Nc6 9. Nf3 Bf5 10. Bf4 Nb4 11. O-O-O Nxa2+ 12. Kc2 Nb4+ 13. Kd2 Qa5 14. Rb1
Nxd3+ 15. b4 Nxb4 16. Rb2 Nd3+ 17. Kc2 Qc3+ 18. Kb1 Qxb2# 0-1

[Event "Challenge"]
[Site "http://www.queenalice.com/game.php?id=719177"]
[Date "2010.1.23"]
[Round "-"]
[White "ccjr"]
[Black "Leninbicudo"]
[Result "0-1"]
[WhiteElo "1449"]
[BlackElo "1912"]

1. a3 d5 2. Nc3 c6 3. e4 Nf6 4. d3 dxe4 5. dxe4 Qxd1+ 6. Kxd1 Bg4+ 7. f3 Bh5 8.
b3 e6 9. Bb2 Bd6 10. Kd2 O-O 11. Re1 Bf4+ 12. Kd1 Rd8+ 13. Bd3 Nbd7 14. g3 Be5
15. g4 Bg6 16. g5 Nh5 17. Nh3 Nc5 18. Kc1 Nxd3+ 19. cxd3 Rxd3 20. Rd1 Rxc3+ 21.
Bxc3 Bxc3 22. Kc2 Ba5 23. Rd7 Rb8 24. b4 Bb6 25. Re1 f6 26. f4 fxg5 27. Nxg5
Nxf4 28. Kb3 e5 29. Ne6 Nxe6 30. Rf1 Nf4 31. a4 Bd4 32. a5 c5 33. Rc1 Nd3 34.
Ka4 Be8 35. bxc5 Bxd7+ 36. c6 Bxc6+ 0-1

[Event "Challenge"]
[Site "http://www.queenalice.com/game.php?id=756668"]
[Date "2010.4.5"]
[Round "-"]
[White "Leninbicudo"]
[Black "ccjr"]
[Result "1-0"]
[WhiteElo "1914"]
[BlackElo "1431"]

1. f4 Nc6 2. e4 e5 3. d3 Bb4+ 4. Bd2 d6 5. Ne2 Bg4 6. f5 f6 7. Bxb4 Nxb4 8. Qd2
a5 9. a3 Nc6 10. Nbc3 Nge7 11. O-O-O Qd7 12. Qe3 O-O-O 13. Rd2 g6 14. h3 Bxe2
15. Bxe2 gxf5 16. Rf1 Rdf8 17. Qh6 fxe4 18. Rxf6 Ng6 19. Bg4 Rxf6 20. Bxd7+ Kxd7
21. Qg7+ Ke6 22. Nxe4 Rf1+ 23. Rd1 Rf7 24. Ng5+ Kd5 25. Qxf7+ Kc5 26. Qxc7 b5
27. Ne4+ Kd5 28. Qxd6# 1-0

[Event "Challenge"]
[Site "http://www.queenalice.com/game.php?id=764651"]
[Date "2010.4.22"]
[Round "-"]
[White "Leninbicudo"]
[Black "noopy"]
[Result "1-0"]
[WhiteElo "1920"]
[BlackElo "1364"]

1. a3 Nf6 2. g3 d5 3. Bg2 e6 4. Nf3 Bd6 5. d4 Nc6 6. O-O b6 7. Bg5 h6 8. Bxf6
Qxf6 9. c4 a5 10. Nc3 dxc4 11. Qa4 Bd7 12. Qxc4 O-O-O 13. Ne5 Na7 14. Qa6+ Kb8
15. Qb7# 1-0

[Event "Challenge"]
[Site "http://www.queenalice.com/game.php?id=800906"]
[Date "2010.7.9"]
[Round "-"]
[White "noopy"]
[Black "Leninbicudo"]
[Result "0-1"]
[WhiteElo "1385"]
[BlackElo "1892"]

1. f4 d5 2. d4 e6 3. Nf3 Nf6 4. Nc3 Bb4 5. Bd2 O-O 6. e3 c5 7. b3 Nc6 8. h3 Qa5
9. dxc5 Bxc3 10. Bxc3 Qxc3+ 11. Kf2 Ne4+ 12. Kg1 Qxe3+ 13. Kh2 Qxf4+ 14. Kg1
Qe3+ 15. Kh2 Nf2 16. Qe2 Qxe2 17. Bxe2 Nxh1 18. Kxh1 e5 19. c3 e4 20. Nd4 f5 21.
Bb5 Bd7 22. Nxc6 Bxc6 23. c4 Bxb5 24. cxb5 d4 25. Kg1 d3 26. Kf1 g5 27. Kf2 f4
28. c6 b6 29. a4 e3+ 30. Kf3 Rad8 31. c7 Rd5 32. Rc1 Rc8 33. Rc3 d2 34. Ke4 d1=Q
35. Rc4 Re8# 0-1